Traduction Français/Anglais : V.1. Housing - Statistiques

Statistiques générales
  • Ce quiz a été pris 6 fois
  • Le résultat moyen est 7 sur 50
Statistiques - réponses
Hint Réponse % Correct
une couverture a blanket
100%
un tiroir a drawer
100%
un réveil an alarm-clock
100%
un habitant, un riverain a resident
100%
une douche a shower
100%
une serviette a towel
100%
propre clean
100%
poussiéreux dusty
100%
clair light
100%
la porte de derrière the back door
100%
la salle de bain the bathroom
100%
le premier étage the first floor
100%
le loyer the rent
100%
essuyer to wipe
100%
un oreiller a pillow
67%
un grille-pain a toaster
67%
une chaise a chair
50%
un rideau a curtain
50%
un congélateur a freezer
50%
une ménagère a housewife
50%
un gratte-ciel a skyscraper
50%
une penderie a wardrobe
50%
surpeuplé overcrowded
50%
la cheminée the chimney
50%
la porte d'entrée the front door
50%
le toit the roof
50%
les toilettes the toilet / the lavatory
50%
minuscule tiny
50%
en haut, à l'étage upstairs
50%
une haie a hedge
33%
confortable comfortable
33%
une boîte à lettres a letter-box
25%
un fer à repasser an iron
25%
le béton concrete
25%
bruyant noisy
25%
une arrière-cour a backyard
0%
une baignoire a bath
0%
une chambre a bedroom
0%
une descente de lit a bedside rug
0%
une table de chevet a bedside table
0%
une chambre meublée, un studio a bed-sit/(ter)
0%
une maison de plain-pied a bungalow
0%
une savonnette a cake of soap
0%
une commode a chest of drawers
0%
une table basse a coffee table / an occasional table
0%
une véranda, un jardin d'hiver a conservatory
0%
un lit d'enfant, un petit lit a cot
0%
une cour a courtyard
0%
un placard a cupboard
0%
un bureau a desk
0%
un digicode a digital lock
0%
une table de salle à manger a dining table
0%
un lave-vaisselle a dishwasher
0%
une vitrine a display cabinet
0%
un lit de deux personnes a double bed
0%
une poubelle a dustbin
0%
une couette a duvet
0%
une clôture a fence
0%
un appartement a flat / an apartment
0%
un étage a floor / a storey
0%
un batteur a food mixer
0%
un robot ménager a food processor
0%
une porte-fenêtre a French window
0%
une poêle a frying pan
0%
une cabane à outils a garden shed
0%
une gazinière a gas cooker
0%
une grille, un portillon a gate
0%
une serre a greenhouse
0%
un sèche-cheveux a hair dryer / drier
0%
une chaîne hi-fi a hi-fi system
0%
un tuyau d'arrosage a hose
0%
une plaque de cuisson a hot plate
0%
un évier a kitchen sink
0%
un élément de cuisine a kitchen unit
0%
une machine à tricoter a knitting machine
0%
un propriétaire (logeur) a landlord
0%
une tondeuse a lawn-mower
0%
un ascenseur a lift /an elevator
0%
un mixeur a liquidizer
0%
un four à micro-ondes a microwave oven
0%
un emprunt (hypothécaire) a mortgage
0%
une antenne an aerial
0%
un fauteuil an armchair
0%
un cendrier an ashtray
0%
une cafetière électrique programmable an automatic coffee percolator
0%
un édredon an eiderdown
0%
une bouilloire électrique an electric kettle
0%
un propriétaire an owner
0%
une chambre à enfant a nursery
0%
un couloir a passage / a corridor
0%
une allée a path
0%
un meuble a piece of furniture
0%
un épluche-légumes a potato-peeler
0%
une cocotte minute a pressure cooker
0%
un réfrigérateur, un frigo a refrigerator / a fridge
0%
un déménagement a removal
0%
un tapis a rug
0%
une parabole a satellite dish
0%
une casserole a saucepan
0%
un canapé, un divan a settee / a sofa / a couch
0%
une machine à coudre a sewing-machine
0%
un drap a sheet
0%
un volet a shutter
0%
un buffet a sideboard
0%
un lit d'une personne a single bed
0%
un taudis a slum
0%
une chambre d'ami a spare room / a guest room
0%
une essoreuse a spin dryer / drier
0%
un tabouret a stool
0%
un abri de jardin a summer house
0%
une nappe a tablecloth
0%
un robinet a tap
0%
un locataire a tenant / a lodger
0%
un salon (mobilier) a three-piece suite
0%
un ouvre-boîtes a tin opener
0%
une brosse à dents a toothbrush
0%
un sèche-linge a tumble dryer / dier
0%
un téléviseur a TV set
0%
un aspirateur a vacuum cleaner / a hoover
0%
un placard mural, suspendu a wall cupboard
0%
un lavabo a washbasin
0%
un lave-linge a washing machine
0%
une corbeille à papier a waste-paper basket
0%
un plan de travail a worktop
0%
la brique bricks
0%
matériaux de construction building materials
0%
commode convenient
0%
exigu cramped
0%
la vaisselle crockery
0%
humide damp
0%
délabré decrepit
0%
à l'abandon derelict
0%
délabré dilapidated
0%
sale dirty
0%
en bas, au rez-de-chaussée downstairs
0%
les appareils électriques electrical appliances
0%
crasseux, dégoûtant filthy / grubby
0%
meublé furnished
0%
le mobilier et les articles ménagers furniture and household articles
0%
sans-abri homeless
0%
habité inhabited
0%
la batterie de cuisine kitchen utensils
0%
sale, en désordre messy
0%
bien rangé neat and tidy
0%
ciré polished
0%
calme, tranquille quiet
0%
branlant, en piteux état ramshackle / rickety
0%
spacieux roomy
0%
minable shabby
0%
brillant, reluisant shiny
0%
des ardoises slates
0%
bien arrangé, douillet snug, cosy
0%
reluisant de propreté spick and span
0%
impeccable spotless
0%
misérable, sordide squalid
0%
la pierre stone
0%
le sous-sol the basement
0%
la moquette the carpet
0%
la cave the cellar
0%
les corvées ménagères the chores
0%
la salle à manger the dining-room
0%
la sonnette the doorbell
0%
le paillasson the doormat
0%
la cheminée (l'âtre) the fireplace
0%
le jardin the garden / the yard
0%
le rez-de-chaussée the ground floor
0%
le vestibule, l'entrée the hall
0%
la cuisine the kitchen
0%
le palier the landing
0%
la pelouse the lawn
0%
l'agencement the layout
0%
la salle de séjour the living-room
0%
la tablette de cheminée the mantelpiece
0%
le salon the sitting-room / the lounge
0%
l'escalier the stairs
0%
le bureau, le cabinet de travail the study
0%
des tuiles, des carreaux de carrelage tiles
0%
construire to build
0%
démolir to demolish / to knock down / to pull down
0%
faire les poussières to dust
0%
meubler to furnish
0%
se lever to get up
0%
installer to install
0%
isoler to insulate
0%
louer (mettre en location) to let
0%
fermer à clé to lock
0%
emménager to move in
0%
déménager to move out
0%
du dentifrice toothpaste
0%
être propriétaire to own
0%
cirer to polish
0%
refaire une pièce (tapisserie et peinture) to redecorate
0%
rénover to renovate
0%
louer to rent
0%
retaper, remettre en état to revamp / to refurbish
0%
s'installer to settle (in)
0%
se raser to shave
0%
balayer to sweep
0%
mettre à la porte to turn out / to evict
0%
passer l'aspirateur to vacuum / to hoover
0%
se réveiller to wake up
0%
libre, inoccupé vacant / uninhabited
0%
le papier peint wallpaper
0%
bien bâti well-built
0%
Aucun quiz correspondant
Distribution des résultats
% des personnes avec chaque résultat
Percentile par nombre de réponses
Votre historique - résultats
Vous n’avez pas pris ce quiz